Forever Winter (TV) - Taylor Swift (All Lyrics) - Statistics

General Stats
  • This quiz has been taken 207 times
  • The average score is 311 of 358
Answer Stats
Lyrics % Correct
be
99%
a
97%
for
97%
forever
97%
Forever
97%
go
97%
go"
97%
I
97%
"I
97%
it
97%
when
97%
you
97%
You
97%
He
96%
he
96%
If
96%
if
96%
winter
96%
I'll
95%
in
95%
in"
95%
say,
95%
the
95%
to
95%
just
94%
know
94%
says
94%
says,
94%
this
94%
All
93%
fall
92%
on
92%
time,
92%
Too
92%
were
92%
better
91%
didn't
91%
doesn't
91%
I'd
91%
I'm
91%
love,
91%
love
91%
"Why
91%
young
91%
your
91%
down
90%
gets
90%
"It's
90%
it's
90%
away?
89%
away"
89%
breakin'
89%
floor
89%
My
89%
my
89%
of
89%
so
89%
summer
89%
can
88%
pieces
88%
sun
88%
up
88%
up,
88%
believe
87%
"Believe
87%
days
87%
He's
87%
him
87%
that
87%
AM,
86%
around
86%
out
86%
out,
86%
phase
86%
these
86%
3
85%
and
85%
anything
85%
by
85%
not
85%
was
85%
watch
85%
hears
84%
weren't
84%
call,
83%
checkin'
83%
comes
83%
most
83%
at
82%
At
82%
don't
82%
pacin'
82%
voice
82%
his
81%
His
81%
5
80%
even
80%
there
80%
beggin'
79%
screamin'
79%
spends
79%
Please,
78%
gravity
77%
head
77%
how
77%
nights
76%
take
76%
used
75%
apartment
74%
bomb
74%
much
74%
is
73%
never
73%
pull
73%
wasted
73%
getting
72%
one
72%
standing
72%
darkest
71%
every
71%
disarm
70%
pulled
70%
life
69%
thing,
69%
won't
69%
lights
68%
hard
67%
flights
66%
listening
66%
smiles
66%
trying
66%
wishing
66%
death
65%
gone,
65%
leave
65%
scared
65%
Live
64%
breathe
63%
solve
63%
decide
62%
he'll
62%
instead
62%
minds
61%
puzzles
61%
thread
61%
Long
60%
forcing
59%
laugh
55%
symphony,
53%
fine
49%
seems
49%
(Ooh,
47%
ooh,
47%
ooh)
47%
No matching quizzes found
Score Distribution
Percent of People with Each Score
Percentile by Number Answered
Your Score History
You have not taken this quiz